Les recherches sur google en 2023 - Actualités - Statistiques

Statistiques générales
  • Ce quiz a été pris 31 fois
  • Le résultat moyen est 3 sur 10
Statistiques - réponses
Hint Réponse % Correct
ChatGPT 1
76%
Guerre Israël Hamas 2
55%
Arras 10
38%
Emile disparition 3
38%
Tempête Ciaràn 4
24%
Lina disparition 5
17%
Séisme Maroc 8
14%
Pierre Palmade accident 9
10%
Sous-marin Titanic 7
7%
Motion de censure 6
3%
Aucun quiz correspondant
Distribution des résultats
% des personnes avec chaque résultat
Percentile par nombre de réponses
Votre historique - résultats
Vous n’avez pas pris ce quiz